[Event "OLSW 1718 Gambit Saarbrücken - SC Heimb"]
[Site "?"]
[Date "2017.12.10"]
[Round "6.2"]
[White "Erhardt, Michael"]
[Black "Boidman, Yuri"]
[Result "0-1"]
[WhiteElo "2097"]
[BlackElo "2347"]
[PlyCount "49"]
[EventDate "2017.??.??"]

1. e4 d5 2. exd5 Nf6 3. d4 Bg4 4. Nf3 Qxd5 5. Nc3 Qh5 6. Be2 Nc6 7. Be3 O-O-O
8. O-O e5 9. d5 e4 10. Ng5 Rxd5 11. Nxd5 Bxe2 12. Nxf6 gxf6 13. Qd5 Bd6 14.
Qf5+ Kb8 15. Qh3 fxg5 16. Qxh5 Bxh5 17. Bxg5 Rg8 18. Bf6 Bf3 19. g3 Be5 20.
Bxe5 Nxe5 21. Rfe1 h5 22. h3 h4 23. Kh2 hxg3+ 24. fxg3 Rd8 25. h4 0-1

[Event "OLSW 1718 Gambit Saarbrücken - SC Heimb"]
[Site "?"]
[Date "2017.12.10"]
[Round "6.3"]
[White "Schulz, Klaus-Juergen"]
[Black "Gross, Georg"]
[Result "1/2-1/2"]
[WhiteElo "2338"]
[BlackElo "2233"]
[PlyCount "73"]
[EventDate "2017.??.??"]

1. d4 Nc6 2. Nf3 d5 3. Bf4 Bg4 4. e3 e6 5. h3 Bh5 6. Be2 Bd6 7. c3 Nge7 8. Nbd2
f6 9. Qb3 Bf7 10. Bxd6 Qxd6 11. O-O O-O 12. c4 a6 13. cxd5 exd5 14. Rac1 Rfc8
15. Ne1 b6 16. Nd3 Na5 17. Qc3 Nc4 18. b3 Nxd2 19. Qxd2 c5 20. dxc5 bxc5 21. b4
c4 22. Nb2 Qb6 23. Na4 Qb5 24. Bd1 a5 25. bxa5 Rxa5 26. Nc3 Qa6 27. Bg4 Rd8 28.
Rfd1 Nc6 29. Bf3 Nb4 30. a4 Nd3 31. Rb1 Kf8 32. Qa2 Qd6 33. Be2 Ne5 34. Rb7 Bg6
35. Qb2 Bd3 36. f4 Nd7 37. Bxd3 1/2-1/2

[Event "OLSW 1718 Gambit Saarbrücken - SC Heimb"]
[Site "?"]
[Date "2017.12.10"]
[Round "6.4"]
[White "Forthoffer, Patrick"]
[Black "Philipowski, Robert"]
[Result "1-0"]
[WhiteElo "2183"]
[BlackElo "2274"]
[PlyCount "85"]
[EventDate "2017.??.??"]

1. d4 d5 2. Nf3 Nf6 3. c4 c6 4. cxd5 cxd5 5. Nc3 Nc6 6. Bf4 Bf5 7. Qb3 Na5 8.
Qa4+ Bd7 9. Qc2 Rc8 10. e3 e6 11. Bd3 Bb4 12. O-O O-O 13. Rac1 Bxc3 14. bxc3
Nc4 15. Bg5 h6 16. Bxf6 Qxf6 17. Bxc4 Rxc4 18. Ne5 Rc7 19. Nxd7 Rxd7 20. Qa4
Rdd8 21. c4 Qe7 22. cxd5 exd5 23. Qxa7 Ra8 24. Qc5 Qg5 25. Rc2 Ra6 26. Qb5 Rfa8
27. Rc5 Rxa2 28. Rxd5 Qf6 29. Qxb7 Ra1 30. g3 Rxf1+ 31. Kxf1 Ra1+ 32. Kg2 g6
33. Qb8+ Kh7 34. Qd6 Qg7 35. Qe5 Qf8 36. Qf6 Ra8 37. Rd7 Kg8 38. e4 Re8 39. e5
Re6 40. Qf3 Kg7 41. Qd5 Qe8 42. Rd8 Qe7 43. Qa8 1-0

[Event "OLSW 1718 Gambit Saarbrücken - SC Heimb"]
[Site "?"]
[Date "2017.12.10"]
[Round "6.5"]
[White "Roos, Thomas"]
[Black "Haenssel, Christian"]
[Result "1-0"]
[WhiteElo "2223"]
[BlackElo "2073"]
[PlyCount "69"]
[EventDate "2017.??.??"]

1. d4 Nf6 2. c4 g6 3. Nc3 Bg7 4. e4 d6 5. Be2 O-O 6. Nf3 e5 7. O-O Nc6 8. d5
Ne7 9. Nd2 Nd7 10. b4 a5 11. bxa5 Rxa5 12. Nb3 Ra8 13. a4 b6 14. a5 bxa5 15.
Rxa5 Rxa5 16. Nxa5 Nc5 17. Ba3 f5 18. Bxc5 dxc5 19. Nb3 Qd6 20. Qa1 c6 21. Qa3
cxd5 22. cxd5 fxe4 23. Qxc5 Qxc5 24. Nxc5 Bf5 25. g4 Rc8 26. N3a4 Nxd5 27. gxf5
Nf4 28. Ba6 Ra8 29. fxg6 hxg6 30. Nc3 Nd3 31. Bxd3 exd3 32. N3e4 Ra2 33. Rd1
Bh6 34. Rxd3 Bc1 35. Rd7 1-0

[Event "OLSW 1718 Gambit Saarbrücken - SC Heimb"]
[Site "?"]
[Date "2017.12.10"]
[Round "6.7"]
[White "Jahn, Peter"]
[Black "Keil, Andreas"]
[Result "1/2-1/2"]
[WhiteElo "2058"]
[BlackElo "2121"]
[PlyCount "76"]
[EventDate "2017.??.??"]

1. d4 d5 2. c4 e6 3. Nf3 Nf6 4. g3 b6 5. Bg2 Bb7 6. cxd5 Bxd5 7. O-O Nbd7 8.
Nc3 Bb7 9. Re1 Be7 10. e4 O-O 11. Qd3 Re8 12. Bf4 Nh5 13. Be3 Nhf6 14. Rad1 a6
15. Bf4 Nh5 16. Bc1 Nhf6 17. h4 Nf8 18. Bg5 b5 19. a3 h6 20. Bxf6 Bxf6 21. e5
Be7 22. Ne4 Bd5 23. Nfd2 Rc8 24. b4 Nd7 25. Nb3 Nb6 26. Nbc5 Ra8 27. Nc3 Bxg2
28. Kxg2 c6 29. Nb7 Qd7 30. Na5 Bd8 31. Qf3 Nd5 32. Nxd5 cxd5 33. Nb3 a5 34.
Nc5 Qc6 35. Qc3 axb4 36. axb4 Bb6 37. Ra1 Reb8 38. Rec1 g6 1/2-1/2

[Event "OLSW 1718 SV Worms 1878 - Gambit Saarbr"]
[Site "?"]
[Date "2018.01.21"]
[Round "7.1"]
[White "Muller, Etienne"]
[Black "Nasshan, Dennis"]
[Result "0-1"]
[WhiteElo "2146"]
[BlackElo "2343"]
[PlyCount "48"]
[EventDate "2018.??.??"]

1. Nf3 d5 2. c4 e6 3. e3 Nf6 4. Nc3 Be7 5. Be2 O-O 6. O-O b6 7. Ne5 Bb7 8. d4
Nbd7 9. f4 dxc4 10. Bxc4 c5 11. Qe2 Rc8 12. Bb3 Nd5 13. Bd2 N7f6 14. Rad1 Qc7
15. f5 exf5 16. Rxf5 Nxc3 17. bxc3 Be4 18. Rg5 h6 19. Rg4 Bd6 20. Rf4 Bxe5 21.
dxe5 Qxe5 22. Be1 Bg6 23. Bh4 Rce8 24. Bxf6 Qxf4 0-1

[Event "OLSW 1718 SV Worms 1878 - Gambit Saarbr"]
[Site "?"]
[Date "2018.01.21"]
[Round "7.2"]
[White "Heider, Martin"]
[Black "Erhardt, Michael"]
[Result "1-0"]
[WhiteElo "2380"]
[BlackElo "2097"]
[PlyCount "59"]
[EventDate "2018.??.??"]

1. d4 d5 2. c4 e6 3. Nc3 Nf6 4. Bg5 Be7 5. e3 O-O 6. Rc1 h6 7. Bh4 b6 8. cxd5
Nxd5 9. Nxd5 exd5 10. Bxe7 Qxe7 11. Bd3 Be6 12. Ne2 c5 13. O-O Rc8 14. Nf4 c4
15. Bb1 Nd7 16. f3 Nf8 17. e4 Qg5 18. g3 Rab8 19. Nxe6 fxe6 20. f4 Qe7 21. e5
b5 22. f5 Qg5 23. Kg2 Rc7 24. h4 Qe7 25. Qg4 exf5 26. Rxf5 Ne6 27. Rf6 Re8 28.
Qg6 Nf8 29. Rxf8+ Rxf8 30. e6 1-0

[Event "OLSW 1718 SV Worms 1878 - Gambit Saarbr"]
[Site "?"]
[Date "2018.01.21"]
[Round "7.3"]
[White "Gross, Georg"]
[Black "Ollenberger, Roland"]
[Result "1/2-1/2"]
[WhiteElo "2233"]
[BlackElo "2300"]
[PlyCount "104"]
[EventDate "2018.??.??"]

1. d4 d6 2. g3 e5 3. dxe5 dxe5 4. Qxd8+ Kxd8 5. Nc3 Be6 6. f4 Nd7 7. Nf3 f6 8.
fxe5 Nxe5 9. Bf4 Ng6 10. O-O-O+ Kc8 11. Nd4 Bd7 12. Be3 Bc5 13. Bg2 Ne5 14.
Rhf1 Ne7 15. Kb1 Re8 16. Nf5 Bxe3 17. Nxe3 f5 18. Bh3 g6 19. Ned5 Nxd5 20. Nxd5
Nc4 21. Rf4 Nd6 22. e3 Bc6 23. Nf6 Rxe3 24. Nxh7 Kd7 25. Rh4 Ke7 26. Ng5 Kf6
27. Nh7+ Kg7 28. Ng5 Rh8 29. Rxh8 Kxh8 30. Bf1 Kg7 31. Kc1 Kh6 32. Kd2 Re7 33.
h4 Ne4+ 34. Nxe4 Rxe4 35. Be2 Kg7 36. Rf1 Rd4+ 37. Ke3 Rb4 38. b3 Re4+ 39. Kd3
Re6 40. Bf3 Be4+ 41. Bxe4 Rxe4 42. Rf3 Rg4 43. a4 a5 44. Ke2 Kf6 45. Rc3 c6 46.
Kf3 Rd4 47. Rc5 Rd2 48. Ke3 Rg2 49. Kf3 Rh2 50. Kf4 Re2 51. Kf3 Rh2 52. Kf4
Rf2+ 1/2-1/2

[Event "OLSW 1718 SV Worms 1878 - Gambit Saarbr"]
[Site "?"]
[Date "2018.01.21"]
[Round "7.4"]
[White "Dausch, Rene"]
[Black "Forthoffer, Patrick"]
[Result "1-0"]
[WhiteElo "2259"]
[BlackElo "2183"]
[PlyCount "65"]
[EventDate "2018.??.??"]

1. e4 Nc6 2. d4 d5 3. Nc3 dxe4 4. d5 Ne5 5. Bf4 Ng6 6. Bg3 a6 7. h4 e5 8. dxe6
Bxe6 9. h5 N6e7 10. Nxe4 Nd5 11. Nf3 Be7 12. Nd4 Qd7 13. Bc4 O-O-O 14. Qe2 Bg4
15. f3 Ngf6 16. O-O-O Nxe4 17. Qxe4 Bg5+ 18. Kb1 Nf6 19. Qe5 Bh6 20. fxg4 Nxg4
21. Qc5 Kb8 22. Qf5 Ne3 23. Qxd7 Rxd7 24. Nc6+ Kc8 25. Rxd7 Kxd7 26. Ne5+ Ke7
27. Nxf7 Nxc4 28. Nxh8 Kf8 29. Rf1+ Kg8 30. Nf7 Nd2+ 31. Kc1 Nxf1+ 32. Nxh6+
gxh6 33. Bf4 1-0

[Event "OLSW 1718 SV Worms 1878 - Gambit Saarbr"]
[Site "?"]
[Date "2018.01.21"]
[Round "7.5"]
[White "Haenssel, Christian"]
[Black "Steinkohl, Thomas"]
[Result "1/2-1/2"]
[WhiteElo "2073"]
[BlackElo "2202"]
[PlyCount "75"]
[EventDate "2018.??.??"]

1. c4 g6 2. g3 Bg7 3. Bg2 Nf6 4. Nc3 O-O 5. e4 d6 6. Nge2 e5 7. O-O Be6 8. d3
Qd7 9. f4 Bh3 10. f5 Bxg2 11. Kxg2 c6 12. h3 b5 13. g4 b4 14. Na4 Rd8 15. Ng3
h6 16. h4 Nh7 17. g5 d5 18. cxd5 cxd5 19. Be3 Qb5 20. fxg6 fxg6 21. Nc5 hxg5
22. h5 Qe8 23. hxg6 Qxg6 24. Nf5 Bf8 25. exd5 Kh8 26. Ne6 Nd7 27. Qd2 Ndf6 28.
Nxd8 Rxd8 29. d6 Nd5 30. Ne7 Qxd6 31. Nxd5 Qxd5+ 32. Kg3 Bd6 33. Bxg5 Rg8 34.
Rh1 Be7 35. Rxh7+ Kxh7 36. Qh2+ Kg6 37. Bxe7 Kf7+ 38. Kf2 1/2-1/2

[Event "OLSW 1718 SV Worms 1878 - Gambit Saarbr"]
[Site "?"]
[Date "2018.01.21"]
[Round "7.6"]
[White "Helbig, Daniel"]
[Black "Keil, Andreas"]
[Result "1-0"]
[WhiteElo "2174"]
[BlackElo "2121"]
[PlyCount "125"]
[EventDate "2018.??.??"]

1. e4 e5 2. Nf3 Nc6 3. d4 exd4 4. Nxd4 d6 5. Nc3 Be7 6. Be3 Nf6 7. Qd2 Ng4 8.
Bf4 Nxd4 9. Qxd4 Bf6 10. Qd2 Be5 11. h3 Bxf4 12. Qxf4 Ne5 13. Qg3 O-O 14. f4
Nd7 15. O-O-O Nb6 16. Be2 Bd7 17. Qf2 Qe7 18. g4 Bc6 19. Bd3 f6 20. Rhg1 Nd7
21. Rde1 Rae8 22. b4 b6 23. Nd5 Bxd5 24. exd5 Qf7 25. Bf5 Kh8 26. Be6 Qe7 27.
Bf5 Qf7 28. Qh4 g6 29. Be6 Qg7 30. f5 g5 31. Qg3 Ne5 32. Rh1 Re7 33. Kb1 Rfe8
34. Rh2 Qf8 35. Ka1 Rg7 36. Qa3 a6 37. Reh1 Ra8 38. Qe3 a5 39. b5 Re8 40. Qe2
Ree7 41. a4 h5 42. h4 Nxg4 43. Qxg4 hxg4 44. hxg5+ Rh7 45. g6 Qg7 46. Rxh7+
Qxh7 47. gxh7 Rxh7 48. Rg1 Rh4 49. Kb2 Kh7 50. Kc3 Kh6 51. Kd3 Kg5 52. Ke4 Rh3
53. Bf7 Kh4 54. Bg6 Rh2 55. Rf1 Kg3 56. Rg1+ Rg2 57. Rxg2+ Kxg2 58. Kf4 g3 59.
Bh5 Kf2 60. Bf3 g2 61. Bxg2 Kxg2 62. Kg4 Kf2 63. Kh5 1-0

[Event "OLSW 1718 SV Worms 1878 - Gambit Saarbr"]
[Site "?"]
[Date "2018.01.21"]
[Round "7.7"]
[White "Etienne, Eric"]
[Black "Dauenheimer, Torsten"]
[Result "0-1"]
[WhiteElo "2051"]
[BlackElo "2187"]
[PlyCount "60"]
[EventDate "2018.??.??"]

1. d4 Nf6 2. Bf4 e6 3. e3 b6 4. Nf3 Bb7 5. Nbd2 Be7 6. h3 O-O 7. Bd3 c5 8. c3
cxd4 9. cxd4 d6 10. Qe2 Nd5 11. a3 Nxf4 12. exf4 Nc6 13. Ne4 Rc8 14. O-O Bf6
15. Nxf6+ Qxf6 16. Qe3 g6 17. Rad1 Ne7 18. g3 Rc7 19. Be4 Nd5 20. Qd2 Rfc8 21.
Nh2 h5 22. Nf3 Kg7 23. Ng5 h4 24. Kh2 Ba8 25. Bb1 Rh8 26. Qe2 Nxf4 27. Qg4 Nd5
28. Rde1 hxg3+ 29. fxg3 Ne3 30. Nxe6+ Qxe6 0-1

[Event "OLSW 1718 SV Worms 1878 - Gambit Saarbr"]
[Site "?"]
[Date "2018.01.21"]
[Round "7.8"]
[White "Martin, Mike"]
[Black "Gerhard, Hans"]
[Result "1/2-1/2"]
[WhiteElo "2147"]
[BlackElo "1911"]
[PlyCount "111"]
[EventDate "2018.??.??"]

1. e4 g6 2. d4 Bg7 3. Be3 d6 4. Qd2 Nd7 5. Bc4 c6 6. Nf3 e6 7. Nc3 b5 8. Bd3 b4
9. Ne2 a5 10. a3 Rb8 11. axb4 axb4 12. O-O c5 13. e5 dxe5 14. dxc5 Qc7 15. Rfd1
Ngf6 16. Ng3 O-O 17. Ra4 Nxc5 18. Rxb4 Rxb4 19. Qxb4 Nxd3 20. cxd3 Nd5 21. Qc4
Qa5 22. b4 Qa4 23. Rb1 Bb7 24. Bc5 Rc8 25. Ne4 Nb6 26. Qb3 Bd5 27. Qb2 Nd7 28.
Ra1 Qb3 29. Qxb3 Bxb3 30. Be3 f5 31. Nc5 Nxc5 32. Bxc5 Bc2 33. d4 exd4 34. Bxd4
Rb8 35. h3 Be4 36. Ra7 Bxd4 37. Nxd4 e5 38. Ne6 Rxb4 39. Rg7+ Kh8 40. Re7 Rb8
41. Ng5 Rb7 42. Nf7+ Kg7 43. Rxb7 Bxb7 44. Nxe5 h6 45. f4 g5 46. g3 gxf4 47.
gxf4 Be4 48. Kf2 Bb7 49. Ke3 Bg2 50. h4 Be4 51. Kd4 Kf6 52. Kc5 Ke6 53. Kb6 Kd5
54. Kc7 Kd4 55. Kd6 Ke3 56. Nf7 1/2-1/2

[Event "OLSW 1718 SK Landau - SK Gau-Algesheim"]
[Site "?"]
[Date "2018.01.21"]
[Round "7.1"]
[White "Ovsejevitsch, Sergei"]
[Black "Baerwinkel, Tobias"]
[Result "1-0"]
[WhiteElo "2606"]
[BlackElo "2360"]
[PlyCount "59"]
[EventDate "2018.??.??"]

1. Nf3 Nf6 2. c4 e6 3. d4 d5 4. e3 b6 5. Nc3 Bb7 6. Rb1 Nbd7 7. b4 a5 8. a3
axb4 9. axb4 Ba6 10. Qb3 c5 11. cxd5 Bxf1 12. Kxf1 cxb4 13. dxe6 bxc3 14. exd7+
Qxd7 15. Qxc3 Bd6 16. Qb3 O-O 17. Bd2 Rfc8 18. Ke2 Ne4 19. Rhc1 Qg4 20. Qd5
Nxd2 21. Kxd2 Qxg2 22. Ke2 Bxh2 23. Ra1 Rab8 24. Rxc8+ Rxc8 25. Ra8 Bb8 26. Qe5
Rc2+ 27. Kd3 Qf1+ 28. Kxc2 Qc4+ 29. Kd1 Qb3+ 30. Ke1 1-0

[Event "OLSW 1718 SK Landau - SK Gau-Algesheim"]
[Site "?"]
[Date "2018.01.21"]
[Round "7.3"]
[White "Michels, Achim"]
[Black "Vogel, Johannes"]
[Result "1-0"]
[WhiteElo "2173"]
[BlackElo "2132"]
[PlyCount "77"]
[EventDate "2018.??.??"]

1. d4 d5 2. c4 c6 3. Nf3 Nf6 4. e3 e6 5. Bd3 Nbd7 6. O-O Bd6 7. Nc3 O-O 8. e4
dxc4 9. Bxc4 e5 10. Bg5 Qe7 11. Re1 Rd8 12. d5 Nb6 13. Bb3 Bb4 14. Re3 h6 15.
Bh4 Bg4 16. h3 Bxf3 17. Qxf3 g5 18. Bg3 Bxc3 19. bxc3 cxd5 20. exd5 e4 21. d6
Qxd6 22. Bxd6 exf3 23. Be7 Nfd5 24. Bxd8 Nxe3 25. Bxb6 Nxg2 26. Bd4 Nf4 27. Kh2
Ne2 28. Rd1 b5 29. Rd3 Rd8 30. Rxf3 Nxd4 31. cxd4 Rd7 32. Rf5 Rb7 33. Kg3 a5
34. Kf3 a4 35. Bd1 Kg7 36. Bc2 f6 37. Rc5 b4 38. d5 Kf7 39. Rc6 1-0

[Event "OLSW 1718 SK Landau - SK Gau-Algesheim"]
[Site "?"]
[Date "2018.01.21"]
[Round "7.4"]
[White "Lang, Matthias"]
[Black "Karsay, Pascal"]
[Result "0-1"]
[WhiteElo "2159"]
[BlackElo "2139"]
[PlyCount "90"]
[EventDate "2018.??.??"]

1. d4 Nf6 2. Nf3 e6 3. Bg5 h6 4. Bh4 c5 5. c3 b6 6. e3 Bb7 7. Nbd2 Be7 8. Bd3
O-O 9. O-O Nc6 10. a3 d5 11. b4 Nd7 12. Bxe7 Qxe7 13. Qa4 Qd6 14. Rfd1 Rfd8 15.
Ba6 Bxa6 16. Qxa6 Qc7 17. Qe2 Ne7 18. dxc5 bxc5 19. Nb3 c4 20. Nbd4 e5 21. Nc2
Nf6 22. Nd2 Rac8 23. Rac1 Ng6 24. g3 Qd7 25. Ne1 Rc6 26. a4 h5 27. b5 Rd6 28.
Nc2 Qf5 29. Nb4 Nh7 30. Qf3 Qg5 31. Qg2 Ne7 32. h4 Qf5 33. Qf3 Qg6 34. Kh2 Nf6
35. Rf1 Ng4+ 36. Kg1 Rf6 37. Qg2 Rfd6 38. e4 Qe6 39. exd5 Nxd5 40. Nxd5 Rxd5
41. Nxc4 Rd3 42. Na5 Qb6 43. Nc6 R8d7 44. Qe4 Rxg3+ 45. Kh1 Nxf2+ 0-1

[Event "OLSW 1718 SK Landau - SK Gau-Algesheim"]
[Site "?"]
[Date "2018.01.21"]
[Round "7.5"]
[White "Frede, Lennart"]
[Black "Silber, Gerhard"]
[Result "1-0"]
[WhiteElo "2148"]
[BlackElo "2229"]
[PlyCount "53"]
[EventDate "2018.??.??"]

1. e4 Nf6 2. Nc3 d5 3. exd5 Nxd5 4. Bc4 Nxc3 5. bxc3 e6 6. Qf3 c5 7. Ne2 Nc6 8.
O-O Na5 9. Bb5+ Bd7 10. Bxd7+ Qxd7 11. d4 Qc6 12. Qh5 Nc4 13. Bg5 Bd6 14. Rad1
O-O 15. Qg4 f5 16. Qh4 Rf7 17. Rfe1 h6 18. Bc1 Re8 19. Qh5 e5 20. Ng3 f4 21.
Nf5 e4 22. dxc5 Qxc5 23. Rd5 Qc7 24. Qg6 Ne5 25. Nxh6+ Kf8 26. Rxe5 Bxe5 27.
Ba3+ 1-0

[Event "OLSW 1718 SK Landau - SK Gau-Algesheim"]
[Site "?"]
[Date "2018.01.21"]
[Round "7.6"]
[White "Moeldner, Juergen"]
[Black "Bauer, Bjoern-Benny"]
[Result "1-0"]
[WhiteElo "2213"]
[BlackElo "2223"]
[PlyCount "109"]
[EventDate "2018.??.??"]

1. e4 c5 2. Nf3 Nc6 3. d4 cxd4 4. Nxd4 Nf6 5. Nc3 e5 6. Ndb5 d6 7. Bg5 a6 8.
Na3 b5 9. Nd5 Be7 10. Bxf6 Bxf6 11. c3 Ne7 12. Nxe7 Bxe7 13. Bd3 O-O 14. Nc2 f5
15. Nb4 Bb7 16. Qb3+ Kh8 17. Nd5 Bxd5 18. Qxd5 f4 19. Be2 Rc8 20. Bf3 b4 21.
cxb4 Qb6 22. O-O Rc2 23. Rac1 Rxb2 24. Qe6 Qb7 25. a3 g6 26. Rc3 Qa7 27. Bd1
Rd2 28. Bb3 Bh4 29. Rf3 Qd4 30. Qc4 Qxc4 31. Bxc4 Rd4 32. Bxa6 Rxe4 33. Rd3 Be7
34. Rc1 Kg7 35. Kf1 Kf6 36. Bb7 Rd4 37. Rxd4 exd4 38. Ke2 Rb8 39. Ba6 d5 40.
Rc6+ Ke5 41. Kd3 Bd6 42. Rc2 Ra8 43. Re2+ Kf6 44. b5 Bxa3 45. Kxd4 Rd8 46. b6
g5 47. Ra2 Bf8 48. Rc2 Bd6 49. Rc6 Ke7 50. Bc8 h5 51. b7 Bb8 52. Ra6 f3 53. g3
h4 54. Ra8 hxg3 55. hxg3 1-0

[Event "OLSW 1718 SK Landau - SK Gau-Algesheim"]
[Site "?"]
[Date "2018.01.21"]
[Round "7.7"]
[White "Weyerhaeuser, Joerg"]
[Black "Koehler, Patrick"]
[Result "0-1"]
[WhiteElo "2073"]
[BlackElo "2113"]
[PlyCount "42"]
[EventDate "2018.??.??"]

1. d4 Nf6 2. Nf3 c5 3. d5 g6 4. c4 b5 5. e3 Bb7 6. b3 Bg7 7. Bb2 O-O 8. Be2
bxc4 9. bxc4 Qb6 10. Qc2 e6 11. e4 exd5 12. exd5 Re8 13. O-O d6 14. a4 Bc8 15.
Bd3 Na6 16. Re1 Rxe1+ 17. Nxe1 Nb4 18. Qc1 Nxd3 19. Nxd3 Bf5 20. Ne1 Rb8 21.
Bc3 Bxb1 0-1

[Event "OLSW 1718 SC Caissa Schwarzenbach - SC"]
[Site "?"]
[Date "2018.01.21"]
[Round "7.1"]
[White "Dgebuadze, Alexandre"]
[Black "Frischmann, Rick"]
[Result "1-0"]
[WhiteElo "2521"]
[BlackElo "2354"]
[PlyCount "83"]
[EventDate "2018.??.??"]

1. e4 c5 2. Nc3 a6 3. Nge2 e6 4. g3 b5 5. Bg2 Bb7 6. O-O Nf6 7. d3 d6 8. h3 Qc7
9. g4 Be7 10. Ng3 Nc6 11. Bd2 Nd4 12. Nce2 O-O 13. c3 Nxe2+ 14. Qxe2 Rfe8 15.
f4 Bf8 16. Rae1 Nd7 17. g5 e5 18. f5 c4 19. dxc4 Qxc4 20. Qg4 Rad8 21. b3 Qc7
22. Nh5 d5 23. Kh1 g6 24. fxg6 hxg6 25. exd5 gxh5 26. Qxh5 Nc5 27. c4 bxc4 28.
Ba5 Qd7 29. Bxd8 Bxd5 30. Bf6 Bxg2+ 31. Kxg2 Bg7 32. Bxg7 Kxg7 33. Qh6+ Kg8 34.
g6 Qc6+ 35. Kh2 fxg6 36. Rg1 Re6 37. Ref1 Nd7 38. Rg4 e4 39. Rh4 Rf6 40. Qh8+
Kf7 41. Rh7+ Ke6 42. Qe8+ 1-0

[Event "OLSW 1718 SC Caissa Schwarzenbach - SC"]
[Site "?"]
[Date "2018.01.21"]
[Round "7.2"]
[White "Fries, Frederik"]
[Black "Popovic, Petar"]
[Result "1/2-1/2"]
[WhiteElo "2293"]
[BlackElo "2453"]
[PlyCount "50"]
[EventDate "2018.??.??"]

1. Nf3 g6 2. d4 Bg7 3. g3 d5 4. Bg2 c6 5. O-O Nf6 6. c4 dxc4 7. a4 O-O 8. a5
Be6 9. Qc2 Na6 10. Nbd2 c5 11. Ng5 Nb4 12. Qc3 Bd5 13. e4 Bc6 14. dxc5 Nxe4 15.
Qxb4 Nxg5 16. Qxc4 Rc8 17. Ra3 Qd7 18. Rd3 Qe8 19. Bxc6 Qxc6 20. h4 Ne6 21. b4
b6 22. axb6 axb6 23. Nb3 Qa4 24. Be3 Rc7 25. Qd5 bxc5 1/2-1/2

[Event "OLSW 1718 SC Caissa Schwarzenbach - SC"]
[Site "?"]
[Date "2018.01.21"]
[Round "7.3"]
[White "Polaczek, Richard"]
[Black "Wild, Achim"]
[Result "1-0"]
[WhiteElo "2402"]
[BlackElo "2236"]
[PlyCount "99"]
[EventDate "2018.??.??"]

1. d4 Nf6 2. Nf3 b6 3. g3 Bb7 4. Bg2 g6 5. c4 Bg7 6. Nc3 Ne4 7. Nxe4 Bxe4 8.
O-O O-O 9. b3 c5 10. Bb2 Qc8 11. Qd2 cxd4 12. Bxd4 Bxd4 13. Qxd4 Qb7 14. Rfd1
d6 15. Ne1 Bxg2 16. Nxg2 Nd7 17. Ne3 Nf6 18. g4 Rad8 19. g5 Nh5 20. Nd5 Rfe8
21. Rd3 Qd7 22. Rf3 Rc8 23. Rd1 b5 24. cxb5 Qxb5 25. Re3 e6 26. Nf6+ Nxf6 27.
gxf6 Rc2 28. Qf4 Qh5 29. Rxd6 Rxe2 30. Rdxe6 fxe6 31. f7+ Kf8 32. fxe8=Q+ Kxe8
33. Qb8+ Kf7 34. Qxa7+ Kf6 35. Qd4+ e5 36. Qd6+ Kf7 37. Qc7+ Kf6 38. Qd8+ Kf7
39. Qd7+ Kf6 40. Qc6+ Kg7 41. Qd7+ Kf6 42. Rg3 Rxa2 43. Kg2 e4 44. Qc6+ Ke5 45.
b4 Qf5 46. Qb6 g5 47. h3 h5 48. Rc3 Rd2 49. Qc7+ Kf6 50. Rc6+ 1-0

[Event "OLSW 1718 SC Caissa Schwarzenbach - SC"]
[Site "?"]
[Date "2018.01.21"]
[Round "7.4"]
[White "Mueller, Reinhold"]
[Black "Alienkin, Aleksander"]
[Result "1/2-1/2"]
[WhiteElo "2280"]
[BlackElo "2395"]
[PlyCount "53"]
[EventDate "2018.??.??"]

1. d4 Nf6 2. c4 e6 3. Nf3 Bb4+ 4. Bd2 a5 5. g3 b6 6. Bg2 Bb7 7. O-O O-O 8. Bg5
Be7 9. Nc3 Ne4 10. Bxe7 Qxe7 11. Qc2 Nxc3 12. bxc3 f5 13. Ne5 Bxg2 14. Kxg2 d6
15. Nf3 Nd7 16. e4 f4 17. e5 dxe5 18. Rae1 fxg3 19. hxg3 Rf5 20. Rh1 g6 21. Nh4
Rf7 22. Nxg6 hxg6 23. Qxg6+ Rg7 24. Qh6 Rf8 25. Qh8+ Kf7 26. Qh5+ Kg8 27. Qh8+
1/2-1/2

[Event "OLSW 1718 SC Caissa Schwarzenbach - SC"]
[Site "?"]
[Date "2018.01.21"]
[Round "7.5"]
[White "Huhndorf, Arnold"]
[Black "Czybik, Nils-Patrick"]
[Result "1-0"]
[WhiteElo "2252"]
[BlackElo "2165"]
[PlyCount "65"]
[EventDate "2018.??.??"]

1. d4 Nf6 2. c4 e6 3. Nf3 b6 4. g3 c6 5. Bg2 d5 6. O-O Be7 7. Qc2 O-O 8. Rd1
Bb7 9. Nc3 Na6 10. e4 Rc8 11. h4 h6 12. Qe2 Nc7 13. cxd5 cxd5 14. e5 Ba6 15.
Qe3 Nh7 16. Ne2 Qd7 17. Nf4 Rfd8 18. Nh5 Bf8 19. g4 Ne8 20. g5 g6 21. Nf6+
Nhxf6 22. gxf6 Qc6 23. Ne1 Qa4 24. Bd2 Qb5 25. h5 g5 26. f4 gxf4 27. Qxf4 Qxb2
28. Bh3 Rc4 29. Be3 Kh8 30. Rab1 Qxa2 31. Ra1 Qe2 32. Bg4 Rxd4 33. Bxd4 1-0

[Event "OLSW 1718 SC Caissa Schwarzenbach - SC"]
[Site "?"]
[Date "2018.01.21"]
[Round "7.6"]
[White "Holle, Cedric"]
[Black "Murariu, Nicky"]
[Result "1-0"]
[WhiteElo "2084"]
[BlackElo "2027"]
[PlyCount "107"]
[EventDate "2018.??.??"]

1. e4 b6 2. d4 Bb7 3. Nc3 e6 4. Bd3 Nc6 5. Nf3 Nb4 6. Bb5 c6 7. Ba4 Nf6 8. O-O
d5 9. e5 Nd7 10. Ng5 Qe7 11. f4 g6 12. Nf3 a5 13. f5 exf5 14. Bg5 Qe6 15. Ne2
Be7 16. Nf4 Bxg5 17. Nxe6 Be3+ 18. Kh1 fxe6 19. c3 Na6 20. Qe1 Bh6 21. Qh4 Bf8
22. Rac1 Nc7 23. Rfe1 Be7 24. Qh6 Bf8 25. Qg5 Be7 26. Qg3 b5 27. Bc2 a4 28. b3
a3 29. Bd3 Ba6 30. Red1 O-O 31. Ng5 Kg7 32. Rf1 Nb6 33. Rce1 Bc8 34. Qh4 h6 35.
Nxe6+ Kf7 36. Qxh6 Bxe6 37. Qh7+ Ke8 38. Qxg6+ Kd7 39. Bxf5 Rg8 40. Bxe6+ Nxe6
41. Qd3 Rg4 42. Rf7 Rh8 43. Ref1 Nc8 44. g3 Rg5 45. Kg2 Nb6 46. Rh7 Rf8 47.
Rxf8 Nxf8 48. Rf7 Ng6 49. Kf2 Ke8 50. Rf5 Rg4 51. Qf3 Nxe5 52. Rxe5 Rg8 53. h4
c5 54. Qh5+ 1-0

[Event "OLSW 1718 SC Caissa Schwarzenbach - SC"]
[Site "?"]
[Date "2018.01.21"]
[Round "7.7"]
[White "Thoennes, Frank"]
[Black "Tabatt, Hendrik"]
[Result "0-1"]
[WhiteElo "2049"]
[BlackElo "2316"]
[PlyCount "116"]
[EventDate "2018.??.??"]

1. c4 e5 2. Nc3 Nf6 3. a3 c6 4. d4 exd4 5. Qxd4 d5 6. Bg5 Be7 7. e3 O-O 8. Nf3
Be6 9. cxd5 cxd5 10. Bb5 h6 11. Bh4 Nc6 12. Qd3 a6 13. Ba4 Qb6 14. Bc2 Rfd8 15.
O-O Rac8 16. Rfd1 Kf8 17. Rab1 g5 18. Bg3 Bg4 19. Rdc1 Bxf3 20. gxf3 d4 21. Ne4
dxe3 22. Qxe3 Qxe3 23. fxe3 Nd5 24. Bf2 Ne5 25. Bb3 Rxc1+ 26. Rxc1 Nxf3+ 27.
Kg2 Ne5 28. Rd1 Nf6 29. Rxd8+ Bxd8 30. Nd6 b5 31. Bg3 Nfg4 32. e4 Bb6 33. Nf5
Bc7 34. a4 b4 35. Bd5 h5 36. h3 Nf6 37. Bb7 a5 38. Nd4 Ne8 39. Bd5 Nd3 40. b3
Bxg3 41. Kxg3 Ne5 42. h4 gxh4+ 43. Kxh4 Ng7 44. Kg5 Ke7 45. Bb7 Ne6+ 46. Nxe6
fxe6 47. Ba6 Nf3+ 48. Kxh5 Nd2 49. Kg4 Nxb3 50. Kf4 Nc5 51. Bc4 b3 52. Ke5 b2
53. Ba2 Nb3 54. Kf4 Nd2 55. Ke3 b1=Q 56. Bxb1 Nxb1 57. Kd4 Kd6 58. Kd3 Kc5 0-1

[Event "OLSW 1718 SC Caissa Schwarzenbach - SC"]
[Site "?"]
[Date "2018.01.21"]
[Round "7.8"]
[White "Grewenig, Jan"]
[Black "Busch, Raimund"]
[Result "1-0"]
[WhiteElo "2111"]
[BlackElo "2267"]
[PlyCount "93"]
[EventDate "2018.??.??"]

1. e4 e6 2. d4 d5 3. Nc3 dxe4 4. Nxe4 Nd7 5. Nf3 Be7 6. Bd3 Ngf6 7. O-O Nxe4 8.
Bxe4 c5 9. c3 cxd4 10. Nxd4 Nf6 11. Bf3 O-O 12. Qe2 a6 13. Bf4 Nd5 14. Bg3 Qa5
15. Nb3 Qd8 16. c4 Nf6 17. Rfd1 Qb6 18. c5 Qb5 19. Qe3 Rd8 20. Rxd8+ Bxd8 21.
Rd1 Nd5 22. Bxd5 exd5 23. Be5 Be6 24. Qg3 f6 25. Nd4 Qd7 26. Nxe6 Qxe6 27. Bd6
Be7 28. Qb3 Re8 29. g3 Bxd6 30. cxd6 Qxd6 31. Rxd5 Qe6 32. Qxb7 Qe1+ 33. Kg2
Qe4+ 34. Kh3 Qe6+ 35. g4 Re7 36. Qb3 Kf7 37. Kg3 g6 38. Rd3 Qxb3 39. Rxb3 Re6
40. Rb7+ Kg8 41. a4 Re4 42. b3 Re6 43. a5 Rc6 44. b4 Rc4 45. f3 Rc3 46. b5 Ra3
47. bxa6 1-0